Geografia - wiedza ogólna #4 - Statystyki

Ogólne statystyki
  • Ten quiz został rozwiązany 67 razy
  • Średni wynik to 12 z 20
Statystyki odpowiedzi
Pytanie Odpowiedź % Poprawnych
Według legend, jaka góra jest siedzibą greckich bogów? Olimp
98%
Jaki jest odpowiednik Zwrotnika Raka na półkuli południowej? Zwrotnik {Koziorożca}
93%
Jaka jest największa wyspa na Karaibach? Kuba
89%
Jak nazywa się wyspa, z której pochodzą lemury? Madagaskar
89%
Nazwij jedno z dwóch państw posiadające największą liczbę muzułmanów Indonezja | Pakistan
83%
Jaki jest przydomek Rzymu? {Wieczne} Miasto
80%
Jak nazywa się miasto Egiptu, w którym niegdyś znajdowała się największa biblioteka świata? Aleksandria
76%
Jaki stan USA był niepodległym państwem w latach 1836-1846? Teksas
76%
Jaka rzeka jest uważana za najświętszą w hinduizmie? Ganges
72%
Jaka jest stolica Pakistanu? Islamabad
70%
Jaka jest największa wyspa Australii? Tasmania
67%
Jak nazywa się pasmo górskie, w którym znajduje się góra Matterhorn? Alpy
63%
Jakie miasto, którego nazwa jest zbliżona do Tokio, niegdyś było stolicą Japonii? Kioto
61%
Jak nazywa się największe jezioro, w którym można popływać będąc w Kazachstanie? Morze Kaspijskie
56%
Jakie miasto niegdyś było znane jako Tenochtitlan? Meksyk
50%
Jaki dawny mur rzymski znajduje się w północnej Anglii? mur {Hadriana}
35%
Jak nazywa się język, w którym nazwiska Kardashian i Sarkisian są stosunkowo popularne? armeński
26%
Jak nazywa się łańcuch górski, w którym znajdują się pasma górskie takie, jak Góry Poconos czy Góry Blue Ridge? Appalachy
22%
Jak nazywa się kraj, z którego pochodzą żołnierze Gurkha? Nepal
19%
Jak nazywa się wulkan, w którym w 1980 roku doszło do erupcji, w wyniku której zginęło 57 osób? Mount St. Helens
4%
Nie znaleziono quizów pasujących do podanych kryteriów
Rozkład punktacji
Procent ludzi z każdym wynikiem
Percentyl według liczby udzielonych odpowiedzi
Twoja historia wyników
Nie rozwiązałeś tego quizu